| 000 | 00916nac a22002411i 4500 | ||
|---|---|---|---|
| 003 | EG-ScBUE | ||
| 005 | 20231126124923.0 | ||
| 008 | 100824s1968 ua b f b 000 00 ara d | ||
| 040 |
_aEG-ScBUE _bara _erda _cEG-ScBUE _dEG-ScBUE |
||
| 082 | 0 | 4 |
_a305.800956 _bم ح م _222 |
| 100 | 1 |
_aمحمد، محمد عبد القادر، _eمؤلف. |
|
| 245 | 1 | 2 |
_aالساميون في العصور القديمة / _cدكتور محمد عبد القادر محمد. |
| 264 | 1 |
_aالقاهرة : _bدار النهضة العربية، _c1968. |
|
| 300 |
_a286 صفحة : _bخرائط ؛ _c24 سم |
||
| 336 |
_2rdacontent _aنص _btxt |
||
| 337 |
_aبدون وسيط _2rdamedia _bn |
||
| 338 |
_aمجلد _bnc _2rdacarrier |
||
| 504 | _aيشتمل على إرجاعات ببليوجرافية. | ||
| 650 | 7 |
_aالجنس السامي. _2BUEsh |
|
| 650 | 7 |
_aاليهود. _2BUEsh |
|
| 655 | _vReading book | ||
| 942 |
_cBB _2ddc |
||
| 999 |
_c7567 _d7567 |
||